=LDR 00000nam 2200000 4500 =001 $a INLIS000000000008390 =005 $a 20260604102601 =008 $a 260604###########################0#ind## =022 ##$$a 978-979-044-153-8 =035 ##$$a 0010-0626000017 =082 ##$$a 362.1068 =084 ##$$a 362.1068 GDE m =100 #$$a Gde Muninjaya =245 ##$$a Manajemen Mutu Pelayanan Kesehatan $b - $c Gde Muninjaya =247 ##$$a =260 ##$$a Jakarta $b Buku Kedokteran EGC $c 2011 =300 ##$$a vii, 105 halaman $b - $c 24 cm $e =310 ##$$a =321 ##$$a =520 #$$a =600 #$$a Manajemen mutu pelayanan kesehatan =700 #$$a =856 ##$$a Perpustakaan kemendukbangga =Wor $a 1